Statistics for Bebe Rexha Charting Songs (Billboard Hot 100)

Click here to take the quiz!

General Stats

  • This quiz has been taken 78 times
    (30 since last reset)
  • The average score is 9 of 13

Answer Stats

AlbumWeeks OnPeakArtist(s)Song% Correct
All Your Fault: Pt. 2 and Expectations52 Weeks#2Bebe Rexha & Florida Georgia LineMeant To Be
100%
Listen24 Weeks#8David Guetta ft. Nicki Minaj, Bebe Rexha & AfrojackHey Mama
91%
Non-Album Single23 Weeks#24Martin Garrix & Bebe RexhaIn the Name of Love
87%
When It's Dark Out37 Weeks#7G-Eazy & Bebe RexhaMe Myself & I
87%
Expectations20 Weeks#35Bebe RexhaI'm a Mess
83%
Better Mistakes1 Week#58Bebe Rexha ft. Doja CatBaby, I'm Jealous
65%
Non-Album Single10 Weeks#40Louis Tomlinson & Digital Farm Animals ft. Bebe RexhaBack To You
65%
Bebe48 Weeks#4David Guetta & Bebe RexhaI'm Good (Blue)
61%
World War Joy14 Weeks#56The Chainsmokers ft. Bebe RexhaCall You Mine
57%
All Your Fault: Pt. 1 and Expectations11 Weeks#43Bebe RexhaI Got You
52%
Non-Album Single1 Week#98Bebe RexhaLast Hurrah
52%
Bright: The Album5 Weeks#90Machine Gun Kelly, Bebe Rexha & X AmbassadorsHome
48%
Overtime and Blood, Sweat and 3 Years13 Weeks#57Cash Cash ft. Bebe RexhaTake Me Home
39%

Score Distribution

Percentile by Number Answered

Percent of People with Each Score

Your Score History

You have not taken this quiz since the last reset